Dharamveer : (Record no. 45929)
[ view plain ]
| 000 -LEADER | |
|---|---|
| fixed length control field | 01168njm a22003137a 4500 |
| 005 - DATE AND TIME OF LATEST TRANSACTION | |
| control field | 20100915101217.0 |
| 007 - PHYSICAL DESCRIPTION FIXED FIELD--GENERAL INFORMATION | |
| fixed length control field | sd ammalaaahaa |
| 008 - FIXED-LENGTH DATA ELEMENTS--GENERAL INFORMATION | |
| fixed length control field | 100915t xxu||||| |||| 00| 0 hin d |
| 028 ## - PUBLISHER NUMBER | |
| Publisher number | 2392 130 |
| Source | Polydor |
| 035 ## - SYSTEM CONTROL NUMBER | |
| System control number | GR-02613 |
| 040 ## - CATALOGING SOURCE | |
| Original cataloging agency | SED/VEN |
| 100 ## - MAIN ENTRY--PERSONAL NAME | |
| Personal name | Mangeshkar, Lata |
| 9 (RLIN) | 1184 |
| 245 ## - TITLE STATEMENT | |
| Title | Dharamveer : |
| Statement of responsibility, etc | by Lata Mangeshkar & Asha Bhosle ; music by Laxmikant Pyarelal ; lyrics by Anand Bakshi |
| Medium | [sound recording] : |
| Remainder of title | Songs & Dialogues / |
| 246 ## - VARYING FORM OF TITLE | |
| Title proper/short title | धरमवीर (लता मंगेशकर ) |
| 260 ## - PUBLICATION, DISTRIBUTION, ETC. (IMPRINT) | |
| Place of publication, distribution, etc | Dum Dum India |
| Name of publisher, distributor, etc | Polydor |
| Date of publication, distribution, etc | n. d. |
| 300 ## - PHYSICAL DESCRIPTION | |
| Extent | 1 sound disc [Gramophone record] : |
| Other physical details | analog, 33/ 3/1 rpm |
| Dimensions | 12 in. |
| Type of unit | Gramophone Record |
| 500 ## - GENERAL NOTE | |
| General note | Brief Record |
| 500 ## - GENERAL NOTE | |
| General note | Polydor |
| 500 ## - GENERAL NOTE | |
| General note | Orange |
| 500 ## - GENERAL NOTE | |
| General note | Long Play |
| 505 ## - FORMATTED CONTENTS NOTE | |
| Formatted contents note | Dialogues + 0 Meri Mehbooba part 1 (Mohd. Rafi) Dialogues + Saat Ajube Part 2 (Mohd. Rafi) ( |
| 650 ## - SUBJECT ADDED ENTRY--TOPICAL TERM | |
| Source of heading or term | Song & Dialogues |
| General subdivision | Excerpts |
| Geographic subdivision | India |
| 9 (RLIN) | 20098 |
| 700 ## - ADDED ENTRY--PERSONAL NAME | |
| Personal name | Bhosle, Asha |
| 9 (RLIN) | 20099 |
| 700 ## - ADDED ENTRY--PERSONAL NAME | |
| 9 (RLIN) | 20100 |
| Personal name | Laxmikant Pyarelal |
| 700 ## - ADDED ENTRY--PERSONAL NAME | |
| 9 (RLIN) | 20126 |
| Personal name | Bakshi, Anand |
| 700 ## - ADDED ENTRY--PERSONAL NAME | |
| 9 (RLIN) | 20127 |
| 942 ## - ADDED ENTRY ELEMENTS (KOHA) | |
| Source of classification or shelving scheme | Dewey Decimal Classification |
| Item type | Gramaphone Records |
| Withdrawn status | Lost status | Source of classification or shelving scheme | Damaged status | Not for loan | Collection code | Home library | Current library | Date acquired | Total Checkouts | Barcode | Date last seen | Price effective from | Koha item type |
|---|---|---|---|---|---|---|---|---|---|---|---|---|---|
| Dewey Decimal Classification | Not For Loan | Non-fiction | Central Library | Central Library | 15/09/2010 | GR-02613 | 15/09/2010 | 15/09/2010 | Gramaphone Records |
